000 00421pab a2200169 454500
008 180718b2008 xxu||||| |||| 00| 0 eng d
100 _aDaniel, P. Sam
245 _aAn integrated approach to higher education in India
260 _c2008
300 _ap.10-18.
362 _a16 Jun
650 _aHigher education - India
650 _aHigher education
773 _aUniversity News
908 _aN
909 _a78631
999 _c78631
_d78631